000
00307nam a2200121Ia 4500
005
20251222144815.0
008
251222s9999||||xx |||||||||||||| ||spa||
082
_a
658.403.2/C29
100
_a
Carbonel Valdivia, Juan
245
0
_a
Programación y Control de Proyectos:
264
_b
CONCYTEC
942
_c
LIB
999
_c
20246
_d
20246